00675nam a22001457a 450000500170000002000180001708200150003510000220005024500570007226000470012930000100017650400190018652003030020565000210050820260701153800.0 a9781009305600 a320.954PAR a Parasher, Tejas, aRadical democracy in modern Indian political thought aNew YorkbCambridge University Pressc2025 a262p. aIncludes index aDrawing on figures ranging from Gandhi to the leaders of the Indian socialist movement, Radical Democracy in Modern Indian Political Thought explores the diversity of political futures imagined at the end of the British Empire and reinterprets the history of representative democracy in South Asia" aDemocracy--India